<?xml version="1.0" encoding="UTF-8"?>
<record
    xmlns:xsi="http://www.w3.org/2001/XMLSchema-instance"
    xsi:schemaLocation="http://www.loc.gov/MARC21/slim http://www.loc.gov/standards/marcxml/schema/MARC21slim.xsd"
    xmlns="http://www.loc.gov/MARC21/slim">

  <leader>00578nam a22002057a 4500</leader>
  <controlfield tag="003">OSt</controlfield>
  <controlfield tag="008">250911b        |||||||| |||| 00| 0 eng d</controlfield>
  <datafield tag="020" ind1=" " ind2=" ">
    <subfield code="a">9789327278873</subfield>
  </datafield>
  <datafield tag="082" ind1=" " ind2=" ">
    <subfield code="a">425.6</subfield>
    <subfield code="b">K96C</subfield>
  </datafield>
  <datafield tag="245" ind1=" " ind2=" ">
    <subfield code="a">Comprehension and Communication Skills in English / </subfield>
    <subfield code="c">by Varinder Kumar and Bodh Raj</subfield>
  </datafield>
  <datafield tag="260" ind1=" " ind2=" ">
    <subfield code="a">.- Ludhiana</subfield>
    <subfield code="b">: Kalyani Publishers</subfield>
    <subfield code="c">, 2023</subfield>
  </datafield>
  <datafield tag="300" ind1=" " ind2=" ">
    <subfield code="a">(1.1-18.11)p.</subfield>
  </datafield>
  <datafield tag="650" ind1=" " ind2=" ">
    <subfield code="a">Language</subfield>
  </datafield>
  <datafield tag="650" ind1=" " ind2=" ">
    <subfield code="a">English and Old English</subfield>
  </datafield>
  <datafield tag="650" ind1=" " ind2=" ">
    <subfield code="a">English</subfield>
  </datafield>
  <datafield tag="650" ind1=" " ind2=" ">
    <subfield code="a">Comprehension</subfield>
  </datafield>
  <datafield tag="650" ind1=" " ind2=" ">
    <subfield code="a">Communication Skills</subfield>
  </datafield>
  <datafield tag="700" ind1=" " ind2=" ">
    <subfield code="a">Raj, Bodh.</subfield>
  </datafield>
  <datafield tag="942" ind1=" " ind2=" ">
    <subfield code="2">ddc</subfield>
    <subfield code="c">BK</subfield>
  </datafield>
  <datafield tag="999" ind1=" " ind2=" ">
    <subfield code="c">48930</subfield>
    <subfield code="d">48930</subfield>
  </datafield>
  <datafield tag="952" ind1=" " ind2=" ">
    <subfield code="0">0</subfield>
    <subfield code="1">0</subfield>
    <subfield code="2">ddc</subfield>
    <subfield code="4">0</subfield>
    <subfield code="7">0</subfield>
    <subfield code="a">RAU</subfield>
    <subfield code="b">RAU</subfield>
    <subfield code="d">2025-09-11</subfield>
    <subfield code="e">SRT, Delhi</subfield>
    <subfield code="g">275.00</subfield>
    <subfield code="l">0</subfield>
    <subfield code="o">425.6 K96C</subfield>
    <subfield code="p">85438</subfield>
    <subfield code="r">2025-09-11</subfield>
    <subfield code="w">2025-07-17</subfield>
    <subfield code="y">BK</subfield>
    <subfield code="k">SRT/2/2025-26</subfield>
  </datafield>
  <datafield tag="952" ind1=" " ind2=" ">
    <subfield code="0">0</subfield>
    <subfield code="1">0</subfield>
    <subfield code="2">ddc</subfield>
    <subfield code="4">0</subfield>
    <subfield code="7">0</subfield>
    <subfield code="a">RAU</subfield>
    <subfield code="b">RAU</subfield>
    <subfield code="d">2025-09-11</subfield>
    <subfield code="e">SRT, Delhi</subfield>
    <subfield code="g">275.00</subfield>
    <subfield code="l">0</subfield>
    <subfield code="o">425.6 K96C</subfield>
    <subfield code="p">85439</subfield>
    <subfield code="r">2025-09-11</subfield>
    <subfield code="w">2025-07-17</subfield>
    <subfield code="y">BK</subfield>
    <subfield code="k">SRT/2/2025-26</subfield>
  </datafield>
  <datafield tag="952" ind1=" " ind2=" ">
    <subfield code="0">0</subfield>
    <subfield code="1">0</subfield>
    <subfield code="2">ddc</subfield>
    <subfield code="4">0</subfield>
    <subfield code="7">0</subfield>
    <subfield code="a">RAU</subfield>
    <subfield code="b">RAU</subfield>
    <subfield code="d">2025-09-11</subfield>
    <subfield code="e">SRT, Delhi</subfield>
    <subfield code="g">275.00</subfield>
    <subfield code="l">0</subfield>
    <subfield code="o">425.6 K96C</subfield>
    <subfield code="p">85440</subfield>
    <subfield code="r">2025-09-11</subfield>
    <subfield code="w">2025-07-17</subfield>
    <subfield code="y">BK</subfield>
    <subfield code="k">SRT/2/2025-26</subfield>
  </datafield>
  <datafield tag="952" ind1=" " ind2=" ">
    <subfield code="0">0</subfield>
    <subfield code="1">0</subfield>
    <subfield code="2">ddc</subfield>
    <subfield code="4">0</subfield>
    <subfield code="7">0</subfield>
    <subfield code="a">RAU</subfield>
    <subfield code="b">RAU</subfield>
    <subfield code="d">2025-09-11</subfield>
    <subfield code="e">SRT, Delhi</subfield>
    <subfield code="g">275.00</subfield>
    <subfield code="l">0</subfield>
    <subfield code="o">425.6 K96C</subfield>
    <subfield code="p">85441</subfield>
    <subfield code="r">2025-09-11</subfield>
    <subfield code="w">2025-07-17</subfield>
    <subfield code="y">BK</subfield>
    <subfield code="k">SRT/2/2025-26</subfield>
  </datafield>
  <datafield tag="952" ind1=" " ind2=" ">
    <subfield code="0">0</subfield>
    <subfield code="1">0</subfield>
    <subfield code="2">ddc</subfield>
    <subfield code="4">0</subfield>
    <subfield code="7">0</subfield>
    <subfield code="a">RAU</subfield>
    <subfield code="b">RAU</subfield>
    <subfield code="d">2025-09-11</subfield>
    <subfield code="e">SRT, Delhi</subfield>
    <subfield code="g">275.00</subfield>
    <subfield code="l">0</subfield>
    <subfield code="o">425.6 K96C</subfield>
    <subfield code="p">85442</subfield>
    <subfield code="r">2025-09-11</subfield>
    <subfield code="w">2025-07-17</subfield>
    <subfield code="y">BK</subfield>
    <subfield code="k">SRT/2/2025-26</subfield>
  </datafield>
</record>
